000 00566nam a2200241 a 4500
001 nice12345678
003 IN_TiNIC
005 20260116013403.0
008 050524s1949 newa grp 000 0 eng
020 _a
_c100
082 0 0 _a245
_bBAI
100 _aBaillie, John
245 _aDiary of Private Prayer
260 _aNew York
_bCharles Scribner`s Sons,
_c1949
300 _a135p
500 _aincludes index and biblioraphy
505 2 _aAppendix
650 _aHymns
700 1 _aBaillie, John
902 _bSRS
942 _cBK
999 _c10811
_d10811